| 000 | 00521nam a2200181Ia 4500 | ||
|---|---|---|---|
| 999 |
_c10898 _d10898 |
||
| 003 | OSt | ||
| 005 | 20191217103003.0 | ||
| 008 | 190216s9999||||xx |||||||||||||| ||und|| | ||
| 020 | _a9788183870023 | ||
| 040 | _coclc | ||
| 082 |
_a330.954 _bRAJ/I |
||
| 100 |
_aRajan, K _9510 |
||
| 245 | 0 |
_aIndian Economy The Post Reform Scenario / _c K Rajan |
|
| 260 |
_bSerials Publications, _aNew Delhi: _c2006. |
||
| 300 | _a422p | ||
| 650 | _aEconomics | ||
| 942 |
_cBK _2ddc _h330.954 _iRAJ/I _k330.954 _mRAJ/I |
||